| 000 | 00982nam a2200277Ia 4500 | ||
|---|---|---|---|
| 003 | OSt | ||
| 005 | 20220930082024.0 | ||
| 006 | a|||||r|||| 00| 0 | ||
| 007 | ta | ||
| 008 | 220926b |||||||| |||| 00| 0 hin d | ||
| 024 | _a109643 | ||
| 037 | _cTheses | ||
| 040 |
_aCRL _cCRL _bhin |
||
| 041 |
_2hin _ahin |
||
| 100 |
_aDwivedi Tripti _9542559 |
||
| 110 |
_aVeer Bahadur Singh Poorvanchal University, Jaunpur. G. S. S. P. G. College, Azamgarh. Department of Sanskrit _9542560 |
||
| 245 | 0 |
_aPurano mein bhavall-leela _b Ek sameekshatmak adhyayan |
|
| 260 | _c2006 | ||
| 300 |
_a463p. _ap. _ccm. |
||
| 650 | _aSANSKRIT | ||
| 700 |
_a Dr. Sumedha Mittr Gu. _9542561 |
||
| 700 |
_a Dr. Vijay Shankar Pandey Gu. _9542562 |
||
| 700 |
_aVeer Bahadur Singh Poorvanchal University, Jaunpur. G. S. S. P. G. College, Azamgarh. Department of Sanskrit _9542563 |
||
| 942 |
_cDIS _2CC |
||
| 999 |
_c872382 _d872382 |
||